El enigma de Laulu: tres publicaciones y una leyenda sobre el Caribe Nicaragüense /
Sábháilte in:
| Príomhchruthaitheoir: | |
|---|---|
| Formáid: | Téacs |
| Ábhair: | |
| Clibeanna: |
Cuir clib leis
Níl clibeanna ann, Bí ar an gcéad duine le clib a chur leis an taifead seo!
|
MARC
| LEADER | 00000 a a2200000 04500 | ||
|---|---|---|---|
| 001 | 18895 | ||
| 003 | |||
| 040 | |||
| 100 | |a Gonzáles, Miguel | ||
| 245 | |a El enigma de Laulu: |b tres publicaciones y una leyenda sobre el Caribe Nicaragüense / |c Miguel Gonzáles | ||
| 650 | |a LITERATURA | ||
| 650 | |a POBLACION INDIGENA | ||
| 650 | |a GRUPOS ETNICOS | ||
| 650 | |a NICARAGUA | ||
| 773 | |g número 49; páginas 33-43 | ||
| 999 | |c 23297 |d 23297 | ||
